000 01329nam0a22003491 4500
001 rc\3593599
005 20250610080238.0
021 _aRU
_b[72-54248]
035 _a(NLR Aleph) 007809677
090 _a7709389
_c7709389
100 _a20130115d1972 |||y0rusy50 ca
101 1 _arus
_ceng
102 _aRU
105 _aa z |||||
200 1 _aПрецизионные радиационные измерения в метеорологии
_eПер. с анг.
_fПод ред. К.Я. Кондратьева и Л.Б. Красильщикова
210 _aЛенинград
_cГидрометеоиздат
_d1972
215 _a272 с.
_cил.
_d22
300 _aНа обороте тит. л.: Precision radiometry
300 _aВ огл. авт.: А.Дж. Драммонд, Е.Дж. Гилхам, Р. Стейр и др.
320 _aСписки лит. в конце глав
517 0 _aPrecision radiometry
606 _aАктинометрия
_jСборники
_2psbo
701 1 _aДраммонд
_bА.Дж.
701 1 _aГилхам
_bЕ.Дж.
701 1 _aСтейр
_bР.
702 1 _aКондратьев
_bК.Я.
_4340
702 1 _aКрасильщиков
_bЛ.Б.
_4340
801 0 _aRU
_bNLR
_gpsbo
801 1 _aRU
_bELAR
_2rusmarc
852 _aNLR
_j72-5/1789
942 _cBOOK
980 _aNB